ბათუმის შოთა რუსთაველის სახელმწიფო უნივერსიტეტის ბიბლიოთეკა

Стратегический маркетинг (ბიბ.ჩანაწერი № 35102)

000 -LEADER
fixed length control field 00681nam a2200253Ia 4500
001 - CONTROL NUMBER
control field 943
003 - CONTROL NUMBER IDENTIFIER
control field GE_BSU
008 - FIXED-LENGTH DATA ELEMENTS--GENERAL INFORMATION
fixed length control field 181216s||||||||xx |||||||||||||| ||und||
040 ## - CATALOGING SOURCE
Transcribing agency GE_BSU
080 ## - UNIVERSAL DECIMAL CLASSIFICATION NUMBER
Universal Decimal Classification number 339.138(075.8)
100 ## - MAIN ENTRY--PERSONAL NAME
Personal name Кревенс,Девид
245 ## - TITLE STATEMENT
Title Стратегический маркетинг
245 ## - TITLE STATEMENT
Remainder of title Пер. с англ.
250 ## - EDITION STATEMENT
Edition statement 6-е изд-е
260 ## - PUBLICATION, DISTRIBUTION, ETC.
Place of publication, distribution, etc. Москва
260 ## - PUBLICATION, DISTRIBUTION, ETC.
Name of publisher, distributor, etc. Изд.дом "Вильямс
260 ## - PUBLICATION, DISTRIBUTION, ETC.
Date of publication, distribution, etc. 2003
300 ## - PHYSICAL DESCRIPTION
Extent 752стр.
653 ## - INDEX TERM--UNCONTROLLED
Uncontrolled term Маркетинг
653 ## - INDEX TERM--UNCONTROLLED
Uncontrolled term Стратегический маркетинг
653 ## - INDEX TERM--UNCONTROLLED
Uncontrolled term მარკეტინგი
942 ## - ADDED ENTRY ELEMENTS (KOHA)
Koha item type წიგნი
ეგზემპლარები
Withdrawn status Lost status Damaged status Not for loan Date acquired Barcode Date last seen Price effective from Koha item type
        2018-12-17 1030 2018-12-17 2018-12-17 წიგნი